000
00183 a2200097 4500
020
_a
9780761354932
041
_a
eng
100
_a
Mckee david
245
_a
Elmer and rose
942
_c
BK
999
_c
9680
_d
9680